000 00761nam a2200205 i 4500
001 47184
003 ES-MaACL
005 20250827062603.0
007 t|
008 030404s1958 sp ||||1| spa d
110 1 _aEspaña
_93622
240 0 _aTratados, etc. Bélgica, 1956
245 1 0 _aConvenio de emigración entre España y Bélgica
_b: Bruselas, 28 de noviembre de 1956.
260 _aMadrid :
_b[s.n.,
_c1958] (
_fImp. del Ministerio de Asuntos Exteriores)
300 _a10 p. ;
_c23 cm.
500 _aPrecede al tít.: Ministerio de Asuntos Exteriores. Registro de Tratados. Nº 102.
710 1 _aEspaña.
_bMinisterio de Asuntos Exteriores.
_bRegistro de Tratados.
_9168910
852 _aES-MaACL
_j2008-F-18
_bR.42847
999 _c47184
_d47184